Southville International School and Colleges
Your cart is empty.
  • Cart
  • Lists
    Public lists Eva Luna New books Lux_list list_1
    Your lists Log in to create your own lists
  • Log in to your account
  • Your cookies
  • Search history
Southville International School and Colleges
  • Advanced search
  • Recent comments
  • Most popular
  • Libraries

Log in to your account

Log in with GOOGLE


If you do not have an external account, but do have a local account, you can still log in:

  1. Home
  2. MARC view: Organizational behavior :
Normal view MARC view ISBD view

Organizational behavior : (Record no. 117835)

[ view plain ]
MARC details
000 -LEADER
fixed length control field 00583nam a2200181Ia 4500
008 - FIXED-LENGTH DATA ELEMENTS--GENERAL INFORMATION
fixed length control field 140529s9999 xx 000 0 und d
020 ## - INTERNATIONAL STANDARD BOOK NUMBER
International Standard Book Number 9789814040273
050 ## - LIBRARY OF CONGRESS CALL NUMBER
Classification number HD 58.7
Item number .M664 1998
100 ## - MAIN ENTRY--PERSONAL NAME
Personal name Moorhead, Gregory.
245 ## - TITLE STATEMENT
Title Organizational behavior :
Remainder of title managing people and organizations /
Statement of responsibility, etc Gregory Moorhead, Ricky W. Griffin
250 ## - EDITION STATEMENT
Edition statement 5th ed.
260 ## - PUBLICATION, DISTRIBUTION, ETC. (IMPRINT)
Place of publication, distribution, etc Boston :
Name of publisher, distributor, etc Houghton Mifflin,
Date of publication, distribution, etc c1998.
300 ## - PHYSICAL DESCRIPTION
Extent 622 p. :
Other physical details ill. ;
Dimensions 26 cm.
500 ## - GENERAL NOTE
General note Includes bibliographical references, glossary and index.
521 ## - TARGET AUDIENCE NOTE
Target audience note
942 ## - ADDED ENTRY ELEMENTS (KOHA)
Call number prefix Foreign
Koha item type Books
Holdings
Withdrawn status Lost status Damaged status Home library Current library Shelving location Date acquired Cost, normal purchase price Total Checkouts Full call number Barcode Date last seen Date checked out Price effective from Koha item type
      College Library College Library General Circulation Section 05/30/2014 485.00 1 HD 58.7 .M664 1998 C0166 05/15/2018 02/23/2015 05/30/2014 Books

Organizational behavior :

APA

Moorhead G., . (1998). Organizational behavior. Boston: Houghton Mifflin.

Chicago

Moorhead Gregory, . 1998. Organizational behavior. Boston: Houghton Mifflin.

Harvard

Moorhead G., . (1998). Organizational behavior. Boston: Houghton Mifflin.

MLA

Moorhead Gregory, . Organizational behavior. Boston: Houghton Mifflin. 1998.

  • Place hold
  • Print
  • Cite
  • Add to your cart (remove)
  • Save record
    BIBTEX Dublin Core MARCXML MARC (non-Unicode/MARC-8) MARC (Unicode/UTF-8) MARC (Unicode/UTF-8, Standard) MODS (XML) RIS
  • More searches
    Search for this title in:
    Other Libraries (WorldCat) Other Databases (Google Scholar) Online Stores (Bookfinder.com) Open Library (openlibrary.org)

Exporting to Dublin Core...

SOUTHVILLE LIBRARY

Southville International School and Colleges Library

1281 Tropical Ave. Cor. Luxembourg St., BF Homes International, Las Pinas City

Tel. No. 8256374 / 252358 Loc. 117/146

Powered by Koha